000 00352nam a2200133Ia 4500
008 100328s9999 xx 000 0 und d
082 _b58450
100 _aखेडेकर सुशिला.
245 _aशापिता.
260 _bऔदुंबर.
630 _aशापिता.
730 _aशापिता.
942 _cBOOK
999 _c544785
_d544782